| 000 | 00364nam a2200109Ia 4500 | ||
|---|---|---|---|
| 008 | 171204s9999 xx 000 0 und d | ||
| 245 | _aTrade Secrecy And International Transactions: Law And Practice: | ||
| 245 | _cElizabeth Rowe and Sharon Sandeen | ||
| 260 | _c2015 | ||
| 650 | _xBUSINESS LAW | ||
| 856 | _uhttp://down.ebook777.com/004/TraSecAndIntTraLawAndPra.pdf | ||
| 999 |
_c345661 _d345661 |
||